A colour atlas of lymph node pathology in cattle / (Record no. 15909)

000 -LEADER
fixed length control field 00603nam a2200181Ia 4500
020 ## - INTERNATIONAL STANDARD BOOK NUMBER
ISBN 1862522391
040 ## - CATALOGING SOURCE
Transcribing agency MMU
082 ## - DEWEY DECIMAL CLASSIFICATION NUMBER
Classification number 636 JAM 1986 A090 Or.
100 1# - MAIN ENTRY--AUTHOR NAME
Personal name Ladds, Philip William,
245 12 - TITLE STATEMENT
Title A colour atlas of lymph node pathology in cattle /
260 ## - PUBLICATION, DISTRIBUTION, ETC. (IMPRINT)
Place of publication Townsville, Qld. :
Name of publisher James Cook University ;
Place of publication Ames, Iowa :
Name of publisher Iowa State University,
Year of publication 1986
300 ## - PHYSICAL DESCRIPTION
Number of Pages 80 p. :
Other physical details ill. ; 30 cm
500 ## - GENERAL NOTE
General note Publisher from label on verso of t.p.; distributed in U.S. by: Iowa State University, Ames, Iowa
650 #0 - SUBJECT ADDED ENTRY--TOPICAL TERM
Topical Term Cattle
650 #0 - SUBJECT ADDED ENTRY--TOPICAL TERM
Topical Term Lymph nodes
650 #0 - SUBJECT ADDED ENTRY--TOPICAL TERM
Topical Term Meat inspection
942 ## - ADDED ENTRY ELEMENTS (KOHA)
Koha item type សៀវភៅភាសាអង់គ្លេស
952 ## - LOCATION AND ITEM INFORMATION (KOHA)
Withdrawn status [LOCAL, KOHA] 0
Holdings
Permanent Location Date acquired Koha item type Lost status Shelving location Barcode Current Location Full call number
Library Block A2017-12-16សៀវភៅភាសាអង់គ្លេស A090A13317Library Block A636 JAM 1986 A090 Or.
មជ្ឈមណ្ឌលឯការនៃសាកលវិទ្យាល័យភូមិន្ទកសិកម្មចំការដូង

Powered by Koha